ბათუმის შოთა რუსთაველის სახელმწიფო უნივერსიტეტის ბიბლიოთეკა

საერო და საეკლესიო ხელოვნების ნიმუშების გამოფენა : (ბიბ.ჩანაწერი № 55632)

000 -ლიდერი
ფიქსირებული სიგრძის საკონტროლო ველი 02279nam a2200253Ia 4500
001 - საკონტროლო ნომერი
საკონტროლო ველი 22727
003 - საკონტროლო ნომრის იდენტიფიკატორი
საკონტროლო ველი GE_BSU
005 - ბოლო ოპერაციის თარიღი და დრო
საკონტროლო ველი 20230501160032.0
008 - ფიქსირებული სიგრძის მონაცემთა ელემენტები - ზოგადი ინფორმაცია
ფიქსირებული სიგრძის საკონტროლო ველი 181216s ||||ge |||||||||||||| ||geo||
040 ## - კატალოგიზაციის წყარო
Transcribing agency GE_BSU
041 ## - ენის კოდი
Language code of text/sound track or separate title geo
080 ## - უნივერსალური ათობითი კლასიფიკაციის ინდექსი
Universal Decimal Classification number 27:7 ს-12
245 ## - ცნობა სათაურის შესახებ
Title საერო და საეკლესიო ხელოვნების ნიმუშების გამოფენა :
Remainder of title თბილისის ყოვლადწმინდა სამების ლავრა ; ყოვლადწმინდა ღვთისმშობლის ხარების სახელობის ტაძარ 3-6 სექტემბერი 2006 წელი /
Statement of responsibility, etc კატალოგზე მუშაობდნენ : ზურაბ ცხოვრებაძე ; დავით კაკაბაძე ; თამარ ასათიანი ; ფოტომასალა ლევან ლაკერბაია.
264 ## - წარმოების, გამოცემის, დისტრიბუციის და სხვა ცნობები
გამოცემის, წარმოების, დისტრიბუციის... ადგილი თბილისი :
გამოცემის, წარმოების, დისტრიბუციის... სახელწოდება საქართველოს საპატრიარქო,
გამოცემის, წარმოების, დისტრიბუციის... თარიღი 2006.
300 ## - ფიზიკური აღწერა
Extent 45 გვ. ;
Dimensions 20 სმ.
Accompanying material ილუსტრაციების სია გვ. : 41-44
500 ## - ზოგადი შენიშვნა
General note კატალოგი გამოდის სრულიად საქართველოს კათოლიკოს-პატრიარქის,უწმინდესისა და უნეტარესის ილია II-ის ლოცვა-კურთხევით
500 ## - ზოგადი შენიშვნა
General note გარეკანის პირველ გვ. : წმინდა ნინოს ტიხრული მინანქრის ხატი
520 ## - SUMMARY, ETC.
Summary, etc კატალოგი გამოდის სრულიად საქართველოს კათოლიკოს-პატრიარქის,უწმინდესისა და უნეტარესის ილია II-ის ლოცვა-კურთხევით
653 ## - INDEX TERM--UNCONTROLLED
Uncontrolled term რელიგია
653 ## - INDEX TERM--UNCONTROLLED
Uncontrolled term საერო და საეკლესიო ხელოვნების ნიმუშების გამოფენა
653 ## - INDEX TERM--UNCONTROLLED
Uncontrolled term ხელოვნება
942 ## - ADDED ENTRY ELEMENTS (KOHA)
Koha item type წიგნი
Source of classification or shelving scheme
ეგზემპლარები
ჩამოწერის სტატუსი დაკარგული ეგზემპლარის სტატუსი კლასიფიკაციის წყარო ან თაროზე გაწყობის სქემა დაზიანების სტატუსი არ გაიცემა მუდმივი მდებარეობა (დაცვის ადგილი) ამჟამინდელი ადგილსამყოფელი თაროზე განთავსების ადგილი შეძენის თარიღი ღირებულება, შესყიდვის ნორმალური ფასი სრული შენახვის შიფრი შტრიხკოდი ბოლო ოპერაციის თარიღი ეგზემპლარის მიმდევრობითი ნომერი (კეტერი?) ფასის ძალაში შესვლის თარიღი ეგზემპლარის სახეობა საჯარო შენიშვნა
          ბათუმის შოთა რუსთაველის სახელმწიფო უნივერსიტეტის მთავარი ბიბლიოთეკა ბათუმის შოთა რუსთაველის სახელმწიფო უნივერსიტეტის მთავარი ბიბლიოთეკა წიგნსაცავი 2018-12-17 5.00 27:7 ს-12 58186 2018-12-17 58186 2018-12-17 წიგნი 5.00 ₾.